| 000 | 00984nam a22003137a 4500 | ||
|---|---|---|---|
| 001 | 0003386 | ||
| 003 | KOHA_MİRAKIL | ||
| 005 | 20260207001336.0 | ||
| 007 | ta | ||
| 008 | 090327b2004 tu a|||gr||||#0|||0|tur | | ||
| 020 | _a9758414275 | ||
| 040 |
_aTR-BiSEU _btur _cTR-BiSEU _erda |
||
| 041 | 0 | _atur | |
| 044 | _ctu | ||
| 050 |
_aDR577 _b.S67 2004 |
||
| 100 | 1 | _aSorgun, Taylan. | |
| 245 | 1 |
_aİmparatorluktan Cumhuriyete/ _cTaylan Sorgun ; Taylan Sorgun. |
|
| 264 | 1 |
_aİstanbul : _bKum Saati Yayıncılık _c2004 |
|
| 300 |
_a439 sayfa [16] : _bresimli |
||
| 336 |
_ametin _btxt _2rdacontent |
||
| 337 |
_aaracısız _bn _2rdamedia |
||
| 338 |
_acilt _bnc _2rdacarrier |
||
| 500 | _aDizin var. | ||
| 500 | _aKapakta adı: İmparatorluk, İttihad ve Terakki, Cumhuriyet "1902-1938 üç devrin galerisi". | ||
| 650 | 0 |
_aTürkiye--Siyaset ve yönetim 1909-1922. _98405 |
|
| 650 | 0 |
_aTürkiye--Siyaset ve yönetim 1923-1938. _98406 |
|
| 907 | _aTarih | ||
| 942 |
_2lcc _cBK |
||
| 999 |
_c3370 _d3370 |
||